|
|
|
|
| LEADER |
00000nam0a2200000 4500 |
| 001 |
171177 |
| 005 |
20231101222935.0 |
| 010 |
|
|
|a 5777505163
|
| 035 |
|
|
|a (RuTPU)RU\TPU\book\185634
|
| 090 |
|
|
|a 171177
|
| 100 |
|
|
|a 20091202d1993 km y0rusy50 ca
|
| 101 |
0 |
|
|a rus
|
| 102 |
|
|
|a UA
|
| 105 |
|
|
|a y z 001zy
|
| 200 |
1 |
|
|a Комплексная система подготовки и организации производства на серийном предприятии
|f В. А. Богуслаев, В. И. Омельченко
|
| 210 |
|
|
|a Днепропетровск
|c СIЧ
|d 1993
|
| 215 |
|
|
|a 356 с.
|
| 320 |
|
|
|a Список основных сокращений: с. 346-347
|
| 320 |
|
|
|a Производственная терминология: с. 348-352
|
| 606 |
1 |
|
|a Серийное производство
|2 stltpush
|3 (RuTPU)RU\TPU\subj\54681
|9 72789
|
| 610 |
1 |
|
|a техническая подготовка
|
| 610 |
1 |
|
|a планирование
|
| 610 |
1 |
|
|a учет
|
| 610 |
1 |
|
|a техническая документация
|
| 610 |
1 |
|
|a оборудование
|
| 610 |
1 |
|
|a ремонт
|
| 610 |
1 |
|
|a обслуживание
|
| 610 |
1 |
|
|a отходы
|
| 610 |
1 |
|
|a утилизация
|
| 610 |
1 |
|
|a продукция
|
| 610 |
1 |
|
|a качество
|
| 610 |
1 |
|
|a контроль
|
| 610 |
1 |
|
|a рабочее место
|
| 675 |
|
|
|a 658.52
|v 4
|
| 700 |
|
1 |
|a Богуслаев
|b В. А.
|g Вячеслав Олександрович
|
| 701 |
|
1 |
|a Омельченко
|b В. И.
|g Василь Иванович
|
| 801 |
|
1 |
|a RU
|b 63413507
|c 20091202
|
| 801 |
|
2 |
|a RU
|b 63413507
|c 20180306
|g RCR
|
| 942 |
|
|
|c BK
|